Detalles MARC
| 000 -LEADER |
| fixed length control field |
02341nam a2200541Ii 4500 |
| 001 - CONTROL NUMBER |
| control field |
DIGUVALLE177 |
| 003 - CONTROL NUMBER IDENTIFIER |
| control field |
NyNyDIG |
| 008 - FIXED-LENGTH DATA ELEMENTS--GENERAL INFORMATION |
| fixed length control field |
181030s2011 ck o 000 f spa d |
| 006 - FIXED-LENGTH DATA ELEMENTS--ADDITIONAL MATERIAL CHARACTERISTICS |
| fixed length control field |
m o d |
| 007 - PHYSICAL DESCRIPTION FIXED FIELD--GENERAL INFORMATION |
| fixed length control field |
cr ||||||||||| |
| 035 ## - SYSTEM CONTROL NUMBER |
| System control number |
(OCoLC)993588316 |
| 040 ## - CATALOGING SOURCE |
| Original cataloging agency |
DGITA |
| Language of cataloging |
eng |
| Description conventions |
rda |
| -- |
pn |
| Transcribing agency |
DGITA |
| 020 ## - INTERNATIONAL STANDARD BOOK NUMBER |
| International Standard Book Number |
9789587654394 |
| Qualifying information |
(eBook ; |
| -- |
pdf) |
| 020 ## - INTERNATIONAL STANDARD BOOK NUMBER |
| International Standard Book Number |
9587654390 |
| Qualifying information |
(eBook ; |
| -- |
pdf) |
| 020 ## - INTERNATIONAL STANDARD BOOK NUMBER |
| Canceled/invalid ISBN |
9789586708746 |
| 020 ## - INTERNATIONAL STANDARD BOOK NUMBER |
| Canceled/invalid ISBN |
9586708748 |
| 041 1# - LANGUAGE CODE |
| Language code of text/sound track or separate title |
spa |
| -- |
fre |
| Language code of original |
spa |
| 043 ## - GEOGRAPHIC AREA CODE |
| Geographic area code |
e-fr--- |
| 050 14 - LIBRARY OF CONGRESS CALL NUMBER |
| Classification number |
PQ8180.23.A578 ebook |
| 082 04 - DEWEY DECIMAL CLASSIFICATION NUMBER |
| Classification number |
863.64 |
| 100 1# - MAIN ENTRY--PERSONAL NAME |
| Personal name |
Martínez, Fabio, |
| Dates associated with a name |
1955- |
| Relator term |
author. |
| 245 13 - TITLE STATEMENT |
| Title |
Un habitante del séptimo cielo = |
| Remainder of title |
Habitant du septième ciel / |
| Statement of responsibility, etc. |
Fabio Martínez ; traducción, Yves Moñino. |
| 246 11 - VARYING FORM OF TITLE |
| Title proper/short title |
Habitant du septième ciel |
| 264 #1 - PRODUCTION, PUBLICATION, DISTRIBUTION, MANUFACTURE, AND COPYRIGHT NOTICE |
| Place of production, publication, distribution, manufacture |
Cali, Colombia : |
| Name of producer, publisher, distributor, manufacturer |
Programa Editorial Universidad del Valle ; |
| Place of production, publication, distribution, manufacture |
Paris, France : |
| Name of producer, publisher, distributor, manufacturer |
Éditions Vericuetos, |
| Date of production, publication, distribution, manufacture, or copyright notice |
[2011] |
| 300 ## - PHYSICAL DESCRIPTION |
| Extent |
1 online resource. |
| 336 ## - CONTENT TYPE |
| Content type term |
text |
| Content type code |
txt |
| Source |
rdacontent |
| 337 ## - MEDIA TYPE |
| Media type term |
computer |
| Media type code |
c |
| Source |
rdamedia |
| 338 ## - CARRIER TYPE |
| Carrier type term |
online resource |
| Carrier type code |
cr |
| Source |
rdacarrier |
| 490 1# - SERIES STATEMENT |
| Series statement |
Coleccion Artes y Humanidades |
| 490 1# - SERIES STATEMENT |
| Series statement |
Vericuetos, |
| International Standard Serial Number |
1157-3457 ; |
| Volume/sequential designation |
No. 25 |
| 546 ## - LANGUAGE NOTE |
| Language note |
Text in Spanish with French translation on facing pages. |
| 588 0# - SOURCE OF DESCRIPTION NOTE |
| Source of description note |
Online resource; title from PDF title page (Digitalia, viewed November 2, 2018) |
| 650 #0 - SUBJECT ADDED ENTRY--TOPICAL TERM |
| Topical term or geographic name entry element |
Colombians |
| Geographic subdivision |
France |
| -- |
Paris |
| Form subdivision |
Fiction. |
| 651 #0 - SUBJECT ADDED ENTRY--GEOGRAPHIC NAME |
| Geographic name |
Paris (France) |
| Form subdivision |
Fiction. |
| 655 #7 - INDEX TERM--GENRE/FORM |
| Genre/form data or focus term |
Novels. |
| Source of term |
lcgft |
| 655 #0 - INDEX TERM--GENRE/FORM |
| Genre/form data or focus term |
Electronic books. |
| 700 1# - ADDED ENTRY--PERSONAL NAME |
| Personal name |
Moñino, Yves, |
| Relator term |
translator. |
| 700 12 - ADDED ENTRY--PERSONAL NAME |
| Relationship information |
Container of (work): |
| Personal name |
Martínez, Fabio, |
| Dates associated with a name |
1955- |
| Title of a work |
Habitante del séptimo cielo. |
| 700 12 - ADDED ENTRY--PERSONAL NAME |
| Relationship information |
Container of (expression): |
| Personal name |
Martínez, Fabio, |
| Dates associated with a name |
1955- |
| Title of a work |
Habitante del séptimo cielo. |
| Language of a work |
French. |
| 791 2# - |
| -- |
Digitalia (Firm), |
| -- |
distributor. |
| 793 0# - |
| -- |
Digitalia eBook Collection: |
| -- |
Universidad del Valle |
| 776 08 - ADDITIONAL PHYSICAL FORM ENTRY |
| Relationship information |
Print version: |
| Main entry heading |
Martínez, Fabio, 1955- |
| Title |
Habitante del séptimo cielo. |
| Edition |
Primera edición bilingüe español-francés. |
| Place, publisher, and date of publication |
Cali, Columbia : Programa Editorial Universidad del Valle ; Paris, France : Éditions Vericuetos, [2011] |
| International Standard Book Number |
9789586708746 |
| 830 #0 - SERIES ADDED ENTRY--UNIFORM TITLE |
| Uniform title |
Colección Artes y humanidades (Universidad del Valle) |
| 830 #0 - SERIES ADDED ENTRY--UNIFORM TITLE |
| Uniform title |
Vericuetos ; |
| Volume/sequential designation |
25. |
| 856 40 - ELECTRONIC LOCATION AND ACCESS |
| Materials specified |
Digitalia Hispánica |
| Uniform Resource Identifier |
<a href="https://www.digitaliapublishing.com/a/52157/">https://www.digitaliapublishing.com/a/52157/</a> |
| 910 ## - USER-OPTION DATA (OCLC) |
| User-option data |
Premium collection: 2018 |
| 942 ## - ADDED ENTRY ELEMENTS (KOHA) |
| Koha item type |
Recurso Electrónico |